[Event "RUS-Cup06"]
[Site "Nizhnij Novgorod"]
[Date "1998.07.03"]
[Round "5"]
[White "Dubinsky, Roman"]
[Black "Karpatchev, Aleksandr"]
[Result "1-0"]
[WhiteElo "2320"]
[BlackElo "2570"]
[PlyCount "57"]
[EventDate "1998.06.29"]
[EventType "swiss"]
[EventRounds "9"]
[EventCountry "RUS"]
[SourceTitle "EXT 2000"]
[Source "ChessBase"]
[SourceDate "1999.11.16"]
[SourceVersion "1"]
[SourceVersionDate "1999.11.16"]
[SourceQuality "1"]

1. e4 e5 2. f4 Bc5 3. Nf3 d6 4. b4 Bxb4 5. c3 Bc5 6. d4 exd4 7. cxd4 Bb6 8. Bd3 Bg4 9. Bb2 d5 10. 0-0 Ne7 11. Nbd2 Nbc6 12. Nb3 0-0 13. Kh1 dxe4 14. Bxe4 Bf5 15. Re1 Qd6 16. a4 Bxe4 17. Rxe4 a5 18. Qe2 Nf5 19. g4 Nfe7 20. Ba3 Qd5 21. Nc5 f5 22. gxf5 Nxf5 23. Rd1 Nd6 24. Re3 Nc4 25. Re5 N6xe5 26. dxe5 Qf7 27. Ng5 Qxf4 28. Nce6 Qh4 29. Bxf8 1-0

[Event "RUS-Cup06"]
[Site "Nizhnij Novgorod"]
[Date "1998.07.01"]
[Round "3"]
[White "Dubinsky, Roman"]
[Black "Shulman, Yuri"]
[Result "0-1"]
[WhiteElo "2320"]
[BlackElo "2480"]
[PlyCount "40"]
[EventDate "1998.06.29"]
[EventType "swiss"]
[EventRounds "9"]
[EventCountry "RUS"]
[SourceTitle "EXT 2000"]
[Source "ChessBase"]
[SourceDate "1999.11.16"]
[SourceVersion "1"]
[SourceVersionDate "1999.11.16"]
[SourceQuality "1"]

1. e4 e6 2. d4 d5 3. Nc3 Bb4 4. Nge2 Nf6 5. e5 Ne4 6. a3 Nxc3 7. bxc3 Be7 8. Ng3 c5 9. h4 Nc6 10. Qg4 Qa5 11. Bd2 Bd7 12. Qxg7 0-0-0 13. Bd3 Qa4 14. h5 cxd4 15. 0-0 dxc3 16. Be3 Rhg8 17. Qxf7 Qh4 18. Bxh7 Rg4 19. f3 Rxg3 20. Bf2 Nxe5 0-1

[Event "RUS-Cup02"]
[Site "Moscow"]
[Date "1998.??.??"]
[Round "9"]
[White "Dubinsky, Roman"]
[Black "Hasangatin, Ramil"]
[Result "1/2-1/2"]
[WhiteElo "2320"]
[BlackElo "2460"]
[PlyCount "106"]
[EventDate "1998.01.21"]
[EventType "swiss"]
[EventRounds "9"]
[EventCountry "RUS"]
[SourceTitle "EXT 1999"]
[Source "ChessBase"]
[SourceDate "1998.11.16"]
[SourceVersion "1"]
[SourceVersionDate "1998.11.16"]
[SourceQuality "1"]

1. e4 d5 2. exd5 Qxd5 3. Nf3 Nf6 4. d4 Bg4 5. Be2 Nc6 6. h3 Qh5 7. 0-0 Bxf3 8. Bxf3 Qf5 9. c3 e6 10. Qa4 Nd5 11. c4 Nde7 12. d5 exd5 13. cxd5 Nxd5 14. Qb5 Rd8 15. Re1+ Be7 16. Nc3 a6 17. Qxb7 Ncb4 18. Nxd5 Nxd5 19. Qc6+ Kf8 20. Qxa6 Nb4 21. Qe2 Bd6 22. Be4 Qe5 23. g3 f5 24. Bb1 Qxe2 25. Rxe2 Bxg3 26. Bd2 Bd6 27. Bxf5 Re8 28. Rxe8+ Kxe8 29. Re1+ Kf7 30. Bc3 Rf8 31. Be6+ Kg6 32. Re4 Nd3 33. Rg4+ Kh5 34. Rxg7 Rxf2 35. Rxh7+ Kg6 36. Rg7+ Kh6 37. Rg4 Bh2+ 38. Kh1 Bd6 39. Rh4+ Kg5 40. Rg4+ Kh6 41. a4 Rf1+ 42. Kg2 Rf2+ 43. Kg1 Bc5 44. Bg7+ Kh5 45. Bd4 Rxb2 46. Bf7+ Kh6 47. Bxc5 Nxc5 48. Rc4 Nd3 49. Rxc7 Kg5 50. Rc3 Ne5 51. Bd5 Rd2 52. Bg2 Ra2 53. Rc1 Kf5 1/2-1/2

[Event "Moscow-ch op"]
[Site "Moscow"]
[Date "1998.??.??"]
[Round "2"]
[White "Frog, Ilya"]
[Black "Dubinsky, Roman"]
[Result "1-0"]
[WhiteElo "2430"]
[BlackElo "2320"]
[PlyCount "80"]
[EventDate "1998.??.??"]
[EventType "swiss"]
[EventRounds "9"]
[EventCountry "RUS"]
[SourceTitle "EXT 2000"]
[Source "ChessBase"]
[SourceDate "1999.11.16"]
[SourceVersion "1"]
[SourceVersionDate "1999.11.16"]
[SourceQuality "1"]

1. Nf3 f5 2. b3 d6 3. e3 Nf6 4. Bb2 e5 5. d4 e4 6. Ng5 d5 7. h4 Bd6 8. c4 c6 9. g3 h6 10. Nh3 Be6 11. Nc3 Nbd7 12. Nf4 Bxf4 13. gxf4 dxc4 14. bxc4 Nb6 15. Qb3 Qc7 16. Na4 Nbd7 17. Qb4 Kf7 18. Rc1 Qb8 19. Rg1 a5 20. Qc3 Rc8 21. Nc5 Nxc5 22. dxc5 Rf8 23. Rd1 Qc7 24. Rd6 a4 25. Qe5 Rfe8 26. Rxe6 Qa5+ 27. Bc3 Rxe6 28. Bxa5 Rxe5 29. fxe5 Rxa5 30. exf6 Kxf6 31. Kd2 Rxc5 32. Kc3 Ra5 33. Be2 g5 34. hxg5+ hxg5 35. Rb1 Ra7 36. Kd4 a3 37. c5 Ke6 38. Bc4+ Kf6 39. Rb4 Kg6 40. Ke5 g4 1-0

[Event "RUS-Cup02"]
[Site "Moscow"]
[Date "1998.??.??"]
[Round "7"]
[White "Lundin, Alexandr"]
[Black "Dubinsky, Roman"]
[Result "0-1"]
[WhiteElo "2250"]
[BlackElo "2320"]
[PlyCount "60"]
[EventDate "1998.01.21"]
[EventType "swiss"]
[EventRounds "9"]
[EventCountry "RUS"]
[SourceTitle "EXT 1999"]
[Source "ChessBase"]
[SourceDate "1998.11.16"]
[SourceVersion "1"]
[SourceVersionDate "1998.11.16"]
[SourceQuality "1"]

1. d4 f5 2. c4 Nf6 3. g3 g6 4. Bg2 Bg7 5. Nc3 0-0 6. Nf3 d6 7. 0-0 Nc6 8. d5 Ne5 9. Nxe5 dxe5 10. e4 f4 11. h3 h5 12. Kh2 g5 13. gxf4 gxf4 14. Rg1 Kf7 15. f3 Rg8 16. Bf1 Bh6 17. Rxg8 Qxg8 18. Qe1 h4 19. c5 Qg3+ 20. Qxg3 fxg3+ 21. Kg1 Bxc1 22. Rxc1 Nh5 23. Nb5 c6 24. Nc7 Rb8 25. d6 exd6 26. cxd6 Bd7 27. b4 Nf4 28. b5 g2 29. Bc4+ Kf6 30. Kh2 Bxh3 0-1

[Event "RUS-Cup9"]
[Site "Novgorod"]
[Date "1997.??.??"]
[Round "5"]
[White "Dubinsky, Roman"]
[Black "Yevseev, Denis"]
[Result "0-1"]
[WhiteElo "2295"]
[BlackElo "2370"]
[PlyCount "62"]
[EventDate "1997.06.11"]
[EventType "swiss"]
[EventRounds "9"]
[EventCountry "RUS"]
[SourceTitle "CBM 060"]
[Source "ChessBase"]
[SourceDate "1997.09.29"]
[SourceVersion "1"]
[SourceVersionDate "1997.09.29"]
[SourceQuality "1"]

1. e4 c5 2. Nf3 Nc6 3. Bb5 e6 4. 0-0 Nge7 5. b3 Nd4 6. Nxd4 cxd4 7. Bb2 a6 8. Be2 Nc6 9. c3 Bc5 10. b4 Ba7 11. a4 d5 12. b5 dxe4 13. bxc6 d3 14. cxb7 Bxb7 15. Bg4 0-0 16. c4 f5 17. Bh3 Qh4 18. Qb3 Bc6 19. Be5 g5 20. Qb4 Rae8 21. Qa5 Rf7 22. Qxa6 Ba8 23. Nc3 g4 24. Nb5 f4 25. Nd6 gxh3 26. Nxf7 Bc5 27. g3 Qh5 28. Rae1 Qf3 29. Nh6+ Kf8 30. Bd6+ Kg7 31. Be5+ Kg6 0-1

[Event "Moscow-ch"]
[Site "Moscow"]
[Date "1997.??.??"]
[Round "8"]
[White "Hait, Alexander"]
[Black "Dubinsky, Roman"]
[Result "1-0"]
[WhiteElo "2370"]
[BlackElo "2295"]
[PlyCount "145"]
[EventDate "1997.??.??"]
[EventType "swiss"]
[EventRounds "9"]
[EventCountry "RUS"]
[SourceTitle "EXT 2000"]
[Source "ChessBase"]
[SourceDate "1999.11.16"]
[SourceVersion "1"]
[SourceVersionDate "1999.11.16"]
[SourceQuality "1"]

1. e4 c5 2. Nf3 d6 3. Bb5+ Nd7 4. c3 Ngf6 5. d3 a6 6. Ba4 e5 7. Nbd2 b5 8. Bc2 Be7 9. Nf1 0-0 10. Ng3 Nb6 11. 0-0 Qc7 12. Re1 Re8 13. h3 Bd7 14. d4 Rac8 15. d5 a5 16. Nh2 b4 17. Qe2 c4 18. Bd2 bxc3 19. Bxc3 Ra8 20. Qd2 Qc5 21. Kh1 Ba4 22. Nf5 Bxc2 23. Qxc2 Bf8 24. Rac1 g6 25. Ne3 Bg7 26. Nf3 Bh6 27. Bd2 Rec8 28. b3 c3 29. Bxc3 Ra7 30. Qb1 Qb5 31. Bd2 Rac7 32. Rxc7 Rxc7 33. Nc4 Bxd2 34. Nfxd2 Qc5 35. Kg1 Nh5 36. Qd3 Nf4 37. Qe3 Qxe3 38. Rxe3 Nxc4 39. Nxc4 a4 40. h4 axb3 41. axb3 Rd7 42. Na5 Ra7 43. b4 f5 44. f3 Kf7 45. Kf2 Ke8 46. Ra3 Kd7 47. g3 Nh5 48. b5 Nf6 49. b6 Ra8 50. b7 Rb8 51. Ke3 Kc7 52. Rc3+ Kd7 53. Rc4 Ne8 54. Kd3 Nc7 55. Rb4 Na6 56. Rb5 Nc5+ 57. Kc4 fxe4 58. fxe4 Nxe4 59. Nc6 Kc7 60. Nxb8 Kxb8 61. Rb6 Nxg3 62. Kb5 Ne4 63. Kc6 Nc5 64. Kxd6 Nd3 65. Ke7 Nf4 66. Rb5 Ne2 67. d6 Nd4 68. Rb2 Nf5+ 69. Ke6 Nd4+ 70. Kxe5 Nc6+ 71. Kf6 Nd8 72. Rb6 h5 73. Ke7 1-0

[Event "Moscow-ch"]
[Site "Moscow"]
[Date "1997.??.??"]
[Round "5"]
[White "Losev, Dmitry"]
[Black "Dubinsky, Roman"]
[Result "0-1"]
[WhiteElo "2435"]
[BlackElo "2295"]
[PlyCount "60"]
[EventDate "1997.??.??"]
[EventType "swiss"]
[EventRounds "9"]
[EventCountry "RUS"]
[SourceTitle "EXT 2000"]
[Source "ChessBase"]
[SourceDate "1999.11.16"]
[SourceVersion "1"]
[SourceVersionDate "1999.11.16"]
[SourceQuality "1"]

1. e4 c5 2. Nf3 d6 3. d4 Nf6 4. Nc3 cxd4 5. Nxd4 a6 6. f4 e5 7. Nf5 d5 8. Ne3 Nxe4 9. Nxe4 dxe4 10. Qxd8+ Kxd8 11. fxe5 Nc6 12. Nd5 Nxe5 13. Bg5+ f6 14. Nxf6 h6 15. 0-0-0+ Kc7 16. Nd5+ Kc6 17. Bf4 Bg4 18. Rd4 Rd8 19. c4 Ng6 20. Bd2 Bf5 21. b4 b6 22. Be2 Ne5 23. Rf1 Bh7 24. Bf4 Bd6 25. Nxb6 Nd3+ 26. Bxd3 Bxf4+ 27. Rxf4 Rxd4 28. Nd5 Rxd5 29. Rf7 Kd6 30. Rxg7 e3 0-1

[Event "Moscow-ch"]
[Site "Moscow"]
[Date "1997.??.??"]
[Round "6"]
[White "Vorotnikov, Vladislav V"]
[Black "Dubinsky, Roman"]
[Result "1-0"]
[WhiteElo "2495"]
[BlackElo "2295"]
[PlyCount "81"]
[EventDate "1997.??.??"]
[EventType "swiss"]
[EventRounds "9"]
[EventCountry "RUS"]
[SourceTitle "EXT 2000"]
[Source "ChessBase"]
[SourceDate "1999.11.16"]
[SourceVersion "1"]
[SourceVersionDate "1999.11.16"]
[SourceQuality "1"]

1. e4 c5 2. Nf3 d6 3. c3 Nf6 4. Bd3 Bg4 5. Bc2 d5 6. d3 Nc6 7. h3 Bh5 8. Nbd2 e6 9. Qe2 Be7 10. Nf1 Qc7 11. Ng3 Bg6 12. 0-0 h6 13. e5 Nd7 14. Re1 Rc8 15. Bf4 b5 16. Rac1 Qb6 17. Qd2 a5 18. h4 a4 19. h5 Bh7 20. Qe2 Qa5 21. Bd2 Qa7 22. Qe3 Qb8 23. Qf4 Qc7 24. c4 bxc4 25. dxc4 Bxc2 26. cxd5 Nd4 27. d6 Bg5 28. Nxg5 hxg5 29. Qxg5 Qd8 30. Qxg7 Rh7 31. Qg8+ Nf8 32. Bg5 Qa5 33. Be7 Kd7 34. Bxf8 Qa8 35. Rxc2 Nxc2 36. Rc1 Rxf8 37. Qxh7 Nd4 38. Rxc5 Qa6 39. Rc7+ Ke8 40. Re7+ Kd8 41. Qg7 1-0

[Event "Moscow Alekhine op"]
[Site "Moscow"]
[Date "1996.??.??"]
[Round "9"]
[White "Chudinovskih, Alexander N"]
[Black "Dubinsky, Roman"]
[Result "0-1"]
[WhiteElo "2290"]
[BlackElo "2170"]
[PlyCount "90"]
[EventDate "1996.??.??"]
[EventType "swiss"]
[EventRounds "9"]
[EventCountry "RUS"]
[SourceTitle "EXT 1999"]
[Source "ChessBase"]
[SourceDate "1998.11.16"]
[SourceVersion "1"]
[SourceVersionDate "1998.11.16"]
[SourceQuality "1"]

1. c4 Nf6 2. Nc3 e5 3. Nf3 e4 4. Ng5 b5 5. d3 bxc4 6. dxe4 Nc6 7. g3 Bb4 8. Bg2 Rb8 9. 0-0 0-0 10. Nd5 Bc5 11. Qc2 Ne5 12. Bf4 d6 13. Rad1 Nfd7 14. Kh1 h6 15. Nh3 c6 16. Nc3 Qf6 17. Bc1 Re8 18. Na4 Bb4 19. Be3 a6 20. Bd4 Qg6 21. f4 Ng4 22. Qxc4 d5 23. exd5 cxd5 24. Qd3 Qh5 25. Nc3 Nc5 26. Bxc5 Bxc5 27. Qxd5 Qxd5 28. Rxd5 Ba7 29. Rb1 Ne3 30. Rd2 Bf5 31. Re1 Nc4 32. Rd5 Be6 33. Rdd1 Rxb2 34. Bc6 Reb8 35. Ng1 Ne3 36. Rc1 g6 37. Nf3 Nc2 38. Red1 Rc8 39. Rd2 Rxc6 40. Rdxc2 Rxc2 41. Rxc2 Bf5 42. Ne5 Rc8 43. e4 Bxe4+ 44. Nxe4 Rxc2 45. a4 Ra2 0-1

[Event "RUS-Cup2"]
[Site "Moscow"]
[Date "1996.??.??"]
[Round "1"]
[White "Dubinsky, Roman"]
[Black "Sher, Miron Naumovich"]
[Result "1/2-1/2"]
[WhiteElo "2210"]
[BlackElo "2475"]
[PlyCount "59"]
[EventDate "1996.11.28"]
[EventType "swiss"]
[EventRounds "9"]
[EventCountry "RUS"]
[SourceTitle "CBM 056 Extra"]
[Source "ChessBase"]
[SourceDate "1997.03.01"]
[SourceVersion "1"]
[SourceVersionDate "1997.03.01"]
[SourceQuality "1"]

1. e4 c5 2. Nf3 d6 3. d4 Nf6 4. Nc3 cxd4 5. Nxd4 Nc6 6. Bc4 e6 7. Bb3 a6 8. Be3 Qc7 9. 0-0 b5 10. Nxc6 Qxc6 11. a4 Rb8 12. axb5 axb5 13. Qd3 Bd7 14. Ra7 Be7 15. Rfa1 0-0 16. R1a6 Qc8 17. Bb6 b4 18. Na4 d5 19. e5 Ne4 20. Rc7 Qd8 21. Qd4 Bb5 22. Ra5 Be2 23. f3 Rxb6 24. Qxb6 Bh4 25. fxe4 Qg5 26. Kh1 Qf4 27. Qg1 Bf2 28. Qb1 Qh4 29. exd5 Be1 30. Bc4 1/2-1/2

[Event "Moscow-ch"]
[Site "Moscow"]
[Date "1996.??.??"]
[Round "1"]
[White "Moizhess, Igor"]
[Black "Dubinsky, Roman"]
[Result "0-1"]
[WhiteElo "2410"]
[BlackElo "2210"]
[PlyCount "80"]
[EventDate "1996.08.??"]
[EventType "swiss"]
[EventRounds "11"]
[EventCountry "RUS"]
[SourceTitle "CBM 055 Extra"]
[Source "ChessBase"]
[SourceDate "1997.01.01"]
[SourceVersion "1"]
[SourceVersionDate "1997.01.01"]
[SourceQuality "1"]

1. e4 c5 2. Nf3 d6 3. d4 Nf6 4. Nc3 cxd4 5. Nxd4 a6 6. Be3 Ng4 7. Bc4 Nxe3 8. fxe3 e6 9. 0-0 Be7 10. Qh5 0-0 11. Rf3 Nc6 12. Rh3 h6 13. Nxc6 bxc6 14. Rf1 Bg5 15. Rg3 Rb8 16. e5 d5 17. Bd3 Rb4 18. e4 d4 19. Nd1 Qa5 20. Rgf3 Qc7 21. h4 Bd2 22. c3 dxc3 23. bxc3 Ra4 24. R1f2 Bc1 25. Rc2 g6 26. Qg4 h5 27. Qg3 Bh6 28. Nb2 Rxa2 29. Nc4 Rxc2 30. Bxc2 a5 31. Qf2 c5 32. Ba4 Bg7 33. Qg3 Bd7 34. Bxd7 Qxd7 35. Nd6 a4 36. c4 Qc7 37. Ra3 Qa5 38. Qf4 Qe1+ 39. Kh2 Qd1 40. Rf3 a3 0-1

[Event "RUS-Cup2"]
[Site "Moscow"]
[Date "1996.??.??"]
[Round "8"]
[White "Panush, Viktor"]
[Black "Dubinsky, Roman"]
[Result "1-0"]
[WhiteElo "2130"]
[BlackElo "2210"]
[PlyCount "30"]
[EventDate "1996.11.28"]
[EventType "swiss"]
[EventRounds "9"]
[EventCountry "RUS"]
[SourceTitle "CBM 056 Extra"]
[Source "ChessBase"]
[SourceDate "1997.03.01"]
[SourceVersion "1"]
[SourceVersionDate "1997.03.01"]
[SourceQuality "1"]

1. d4 f5 2. Nf3 Nf6 3. g3 g6 4. b3 Bg7 5. Bb2 0-0 6. Bg2 d6 7. 0-0 Qe8 8. c4 h6 9. Nc3 g5 10. Qc2 f4 11. e4 fxg3 12. fxg3 Ng4 13. Rae1 Bd7 14. h3 Nf6 15. g4 c6 1-0

[Event "Moscow Alekhine op"]
[Site "Moscow"]
[Date "1996.??.??"]
[Round "2"]
[White "Vlassov, Nikolai"]
[Black "Dubinsky, Roman"]
[Result "1-0"]
[WhiteElo "2380"]
[BlackElo "2170"]
[PlyCount "119"]
[EventDate "1996.??.??"]
[EventType "swiss"]
[EventRounds "9"]
[EventCountry "RUS"]
[SourceTitle "EXT 1999"]
[Source "ChessBase"]
[SourceDate "1998.11.16"]
[SourceVersion "1"]
[SourceVersionDate "1998.11.16"]
[SourceQuality "1"]

1. e4 c5 2. c3 Nf6 3. e5 Nd5 4. d4 cxd4 5. cxd4 d6 6. Nf3 Nc6 7. Bc4 Nb6 8. Bb3 dxe5 9. d5 Nb4 10. Nc3 e6 11. Bg5 Be7 12. Bxe7 Qxe7 13. d6 Qd8 14. Nxe5 0-0 15. 0-0 Nc6 16. f4 Nd7 17. Nxf7 Rxf7 18. Bxe6 Qb6+ 19. Kh1 Nf6 20. Bxf7+ Kxf7 21. Nd5 Nxd5 22. Qxd5+ Be6 23. Qh5+ Kg8 24. f5 Qb5 25. Qg4 Rf8 26. a4 Qd3 27. Rf3 Bxf5 28. Qf4 Qd5 29. Raf1 Ne5 30. Re3 Nc4 31. Re7 Nxd6 32. Rd7 Rf6 33. Qg5 Rf7 34. Qd8+ Rf8 35. Qe7 Qf7 36. Qxf7+ Rxf7 37. Rxd6 g6 38. h3 Re7 39. Rf2 Kg7 40. Kh2 Bd7 41. Rd4 Bc6 42. g4 Re3 43. Rdf4 Bd5 44. b4 a6 45. h4 Bb3 46. b5 axb5 47. axb5 Bd5 48. Rd4 Be6 49. Rc2 Kf6 50. Rc7 Ke5 51. Rb4 b6 52. Rxh7 Kd5 53. Rg7 Kc5 54. Rf4 Kxb5 55. Rxg6 Kc5 56. h5 Bd5 57. Rf5 b5 58. Rgg5 Re2+ 59. Kg3 Rg2+ 60. Kh3 1-0

[Event "Moscow Alekhine op"]
[Site "Moscow"]
[Date "1996.??.??"]
[Round "5"]
[White "Vorobiov, Evgeny E"]
[Black "Dubinsky, Roman"]
[Result "1/2-1/2"]
[WhiteElo "2320"]
[BlackElo "2170"]
[PlyCount "56"]
[EventDate "1996.??.??"]
[EventType "swiss"]
[EventRounds "9"]
[EventCountry "RUS"]
[SourceTitle "EXT 1998"]
[Source "ChessBase"]
[SourceDate "1997.11.17"]
[SourceVersion "1"]
[SourceVersionDate "1997.11.17"]
[SourceQuality "1"]

1. e4 c5 2. Nf3 d6 3. d4 cxd4 4. Nxd4 Nf6 5. Nc3 a6 6. f4 e5 7. Nf5 Nxe4 8. Nxg7+ Bxg7 9. Nxe4 d5 10. Nc3 exf4 11. Bxf4 0-0 12. Qh5 Re8+ 13. Be2 Qb6 14. 0-0-0 Nd7 15. Bd3 Nf6 16. Qh4 Ne4 17. Rhe1 Bf5 18. Bxe4 dxe4 19. Rd6 Qb4 20. a3 Qc4 21. Re3 Rac8 22. Bh6 Bxh6 23. Qxh6 Bg6 24. h4 Qf1+ 25. Rd1 Qxg2 26. Qf4 Red8 27. Rxd8+ Rxd8 28. b4 Qd2+ 1/2-1/2